000 00644nam a22001937a 4500
999 _c160911
_d160911
005 20190216153657.0
010 _aENG-124822
020 _a9788186772881
_c295.00
035 _aEN-108354
037 _bDBAD/PUB
082 _a070.43
100 _aGupta Sangeeta
245 _aScientific writing and reporting for media/
_cby Sangeeta Gupta [and] Mithilesh Verma
260 _aNew Delhi
_bNew Academic Publishers
_c2016
270 _a4760-61, 23 Ansari Road, Daryaganj
_bNew Delhi
_e110002
_mnapindia@newacademicpublishers.com
300 _a82p.
_c21cm(pbk)
700 _a Verma Mithilesh
942 _2ddc
_cEN
_h070.43
_mGUP